Statistics for 1998 FIFA World Cup Knockout Stage

Click here to take the quiz!

General Stats

  • This quiz has been taken 44 times
  • The average score is 13 of 16

Answer Stats

Nation % Correct
Argentina
100%
Brazil
100%
France
100%
England
97%
Germany
97%
Netherlands
94%
Croatia
88%
Italy
84%
Mexico
81%
Denmark
78%
Nigeria
75%
Paraguay
72%
Chile
69%
Romania
66%
Norway
53%
FR Yugoslavia
41%

Score Distribution

Percentile by Number Answered

Percent of People with Each Score

Your Score History

You have not taken this quiz